Biopolymérny kompozitný pórovitý systém na regeneráciu chrupky

Bibliographic Details
Corporate Author: Slovenská akadémia vied. Ústav materiálového výskumu (Patent holder)
Other Authors: Medvecký, Ľubomír, 1966- (Originator), Petrovová, Eva, 1979- (Originator), Giretová, Mária, 1976- (Originator)
Format: Book
Language:Slovak
PhysicalDescription:7 s. obr. 30 cm
Published: [Banská Bystrica] Úrad priemyselného vlastníctva SR [2019]
Subjects:

MARC

LEADER 00000nam a2200000 a 4500
001 vtls011906896
003 SK-MaSNL
005 20260427135314.0
008 191212s2019 xo a f j f000 0 slo
013 |a 288715  |b xo  |c patent  |d 20191014  |e dátum sprístupnenia patentu 
013 |a 89-2014  |e číslo prihlášky  |d 20141205  |e dátum podania prihlášky  |d 20160701  |e dátum zverejnenia prihlášky (Vestník ÚPV SR č.: 07/2016) 
040 |a SNK  |b slo  |c SNK  |e AACR2 
041 0 |a slo 
044 |a xo  |c SK 
072 7 |a 616  |x Patológia. Klinická medicína  |2 konspekt 
080 |a 616-77  |2 2011 
084 |a A61F 2/00  |2 IPC 
084 |a A61L 27/00  |2 IPC 
100 1 |a Medvecký, Ľubomír,  |d 1966-  |4 org  |9 189594 
245 1 0 |a Biopolymérny kompozitný pórovitý systém na regeneráciu chrupky  |c Ľubomír Medvecký, Mária Giretová, Eva Petrová 
260 |a [Banská Bystrica]  |b Úrad priemyselného vlastníctva SR  |c [2019] 
300 |a 7 s.  |b obr.  |c 30 cm 
650 0 7 |a protézy  |2 SNKPH  |9 29055 
650 0 7 |a Prosthesis  |2 SNKPHeng  |9 420399 
655 7 |a patenty  |2 SNKPH  |9 177343 
655 7 |a patent licenses  |2 SNKPHeng  |9 303430 
700 1 |a Petrovová, Eva,  |d 1979-  |4 org  |9 198361 
700 1 |a Giretová, Mária,  |d 1976-  |4 org  |9 319690 
710 2 |a Slovenská akadémia vied.  |b Ústav materiálového výskumu  |4 pth  |9 189595 
852 |a Štátna vedecká knižnica v Banskej Bystrici 
999 |c 949892  |d 951822 
952 |a SNK  |b SNK  |y PREZ  |7 0  |p 17A1413191  |o snkSK 288715  |i snk2020/27  |8 0  |0 0  |1 0  |4 0  |d 2020-01-07  |l 0  |r 2026-02-24 09:45:28  |w 2026-02-24